| 000 | 01190cam a2200301 i 4500 | ||
|---|---|---|---|
| 999 |
_c600 _d600 |
||
| 001 | 005487073 | ||
| 003 | OSt | ||
| 005 | 20190904092838.0 | ||
| 008 | 161005s2014 nyua b 001 0 eng | ||
| 020 |
_a9781476764665 _q(pbk.) : |
||
| 040 |
_aNCNU _beng _cNCNU _dNCNU _eAACR2 |
||
| 042 | _anbic | ||
| 082 | 0 | 0 |
_a158 COV _223 |
| 100 | 1 |
_aCovey, Sean. _eauthor |
|
| 245 | 1 | 4 |
_aThe 7 habits of highly effective teens : _bthe ultimate teenage success guide / _cSean Covey. |
| 246 | 3 | _aSeven habits of highly effective teens | |
| 260 |
_aNew York : _bSimon & Schuster, _c2014. |
||
| 300 |
_axvii, 266 pages : _billustrations ; _c24 cm. |
||
| 336 |
_atext _btxt _2rdacontent. |
||
| 337 |
_aunmediated _bn _2rdamedia. |
||
| 338 |
_avolume _bnc _2rdacarrier. |
||
| 504 | _aIncludes bibliographical references (pages 256-257) and index. | ||
| 520 | _aExplores the adolescent years and draws on extensive research to offer teens practical ways to cope with such important issues as peers, parents, relationships, school choices, and the future. | ||
| 650 | 0 |
_aTeenagers _xConduct of life. |
|
| 650 | 0 |
_aSuccess _xPsychological aspects. |
|
| 650 | 0 |
_aTeenagers _xLife skills guides. |
|
| 942 |
_2ddc _cNFIC |
||